|
|
|
|
| LEADER |
00000nab a2200000 a 4500 |
| 001 |
vtls008996001 |
| 003 |
SK-MaSNL |
| 005 |
20260426083853.0 |
| 008 |
250505c2006 xo qr|p|||||||000 b|slo |
| 015 |
|
|
|a SNBRB2007/06
|2 snkbucl
|
| 035 |
|
|
|a urn:nbn:sk:snk-ab7s00
|
| 035 |
|
|
|a (urnnbn)urn:nbn:sk:snk:ar-002dqh
|
| 035 |
|
|
|a (uuid)8051bbfd-26fb-4a39-9924-bed30d7422cc
|
| 038 |
|
|
|a SNKBUCL
|
| 040 |
|
|
|a SNKBUCL
|b slo
|c SNKBUCL
|e AACR2
|
| 041 |
0 |
|
|a slo
|
| 044 |
|
|
|a xo
|c SK
|
| 080 |
|
|
|a 27-789.32:7
|x (048)
|2 2001
|
| 080 |
|
|
|a 7:27-789.32
|x (048)
|2 2001
|
| 080 |
|
|
|a 82:27-789.32
|x (048)
|2 2001
|
| 100 |
1 |
|
|a Urdová, Sylvia,
|d 1974-
|4 aut
|9 486378
|
| 245 |
1 |
0 |
|a Plaude turba paupercula - Franziskanischer Geist in Misik, Literatur und Kunst
|c Sylvia Urdová
|
| 300 |
|
|
|b Obr.
|
| 500 |
|
|
|a Poznámky
|
| 500 |
|
|
|a Editorom recenzovaného zborníka je Ladislav Kačic
|
| 610 |
2 |
7 |
|a Františkáni
|2 snkbucl
|9 174796
|
| 611 |
2 |
7 |
|a Plaude turba paupercula
|g konferencia
|d (2004 :
|c Bratislava, Slovensko)
|2 snkbucl
|9 1456924
|
| 648 |
|
7 |
|a 4.-6.10.2004
|2 snkbucl
|9 1302704
|
| 650 |
0 |
7 |
|a rehoľné rády
|2 snkbucl
|9 67509
|
| 650 |
0 |
7 |
|a hudba
|2 snkbucl
|9 1063
|
| 650 |
0 |
7 |
|a umenie
|2 snkbucl
|9 1060
|
| 650 |
0 |
7 |
|a konferencie
|2 snkbucl
|9 19221
|
| 651 |
|
7 |
|a Bratislava (Slovensko)
|2 snkbucl
|9 14568
|
| 655 |
|
7 |
|a recenzie
|2 snkbucl
|9 21907
|
| 773 |
0 |
|
|t Slovenská hudba
|g Roč. XXXII, č. 2 (2006), s. 253-255
|x 1335-2458
|
| 787 |
0 |
8 |
|i Rec.:
|a Kačic, Ladislav, 1951-
|t Plaude turba paupercula - Franziskanischer Geist in Misik, Literatur und Kunst
|d Bratislava : Slavistický ústav Jána Stanislava SAV, 2005
|
| 850 |
|
|
|a Slovenská národná knižnica
|
| 852 |
|
|
|a Slovenská národná knižnica
|
| 954 |
|
|
|a odborná, vedecká literatúra pôvodná (slovenská)
|2 lita
|
| 958 |
|
|
|a article9
|
| 958 |
|
|
|a OND
|
| 958 |
|
|
|a RC
|
| 958 |
|
|
|a EUIPO
|
| 999 |
|
|
|c 2916539
|d 2918469
|